| 000 | 00425nam a2200145 4500 | ||
|---|---|---|---|
| 001 | 122135 | ||
| 003 | ES-MaACL | ||
| 007 | t| | ||
| 008 | 070214s1948 sp r ||||1| spa d | ||
| 100 | 1 |
_aPou, Esteban. _993407 |
|
| 245 | 1 | 0 |
_aLápices, lacres y otros artículos de escritorio / _cEsteban Pou. |
| 260 |
_aBarcelona : _bLibrería Sintes, _c1948. |
||
| 300 |
_a127 p. : _bil. ; _c19 cm. |
||
| 852 |
_aES-MaACL _jE-952 _bR.26869 |
||
| 999 |
_c122135 _d122135 |
||